| 000 | 01126nam a2200205 a 4500 | ||
|---|---|---|---|
| 001 | 000027628 | ||
| 005 | 20200930030955.0 | ||
| 008 | 110324t1955 dr ac r 000 0 spa d | ||
| 040 |
_aDO-SdBNP _bspa _cBNPHU |
||
| 082 |
_a972.93053 _bT866m, 1954 |
||
| 100 | 1 |
_aTrujillo Molina, Héctor Bienvenido, _d1908-2002 _954718 |
|
| 245 | 1 | 0 |
_aMensaje depositado ante el Congreso Nacional el 27 de febrero de 1955, Año del benefactor de la Patria por el Presidente de la República Dominicana General Héctor Bienvenido Trujillo Molina para darle cuenta de su gestión durante el año 1954 / _cHéctor Bienvenido Trujillo Molina. |
| 260 |
_aCiudad Trujillo, República Dominicana : _bImprenta del Ejercito Nacional, _c[1955]. |
||
| 300 |
_a127 p. : _bil., retr. ; _c23 cm. |
||
| 590 | _aInventariado, 2019/BT | ||
| 650 | 4 |
_aDiscursos presidenciales _910061 |
|
| 651 | 4 |
_aRepública Dominicana _xHistoria _yERA DE TRUJILLO, 1930-1961 _xEnsayos, Conferencias, Etc. _930520 |
|
| 651 | 4 |
_aRepública Dominicana _xPolítica Y Gobierno _yERA DE TRUJILLO, 1930-1961 _xEnsayos, Conferencias, Etc. _930546 |
|
| 910 | _aValidado. Control de calidad. EMS | ||
| 999 |
_c27120 _d27120 |
||